[Event "IECC M email"]
[Site "IECC email"]
[Date "2001.02.12"]
[Round "?"]
[White "Ahlers, Heinz W"]
[Black "Alvarenga, Jose"]
[Result "0-1"]
[WhiteElo "1368"]
[BlackElo "1487"]
[PlyCount "36"]
[EventDate "2001.??.??"]
[EventType "tourn (corr)"]
[EventRounds "6"]
[SourceTitle "Corr 2008"]
[Source "ChessBase"]
[SourceDate "2008.06.24"]
[SourceVersion "1"]
[SourceVersionDate "2008.06.24"]
[SourceQuality "1"]

1. e4 d6 2. d4 Nf6 3. Nc3 Nc6 4. d5 Ne5 5. Be2 g6 6. Nf3 Nxf3+ 7. Bxf3 Bg7 8. Be3 0-0 9. Qd2 Ng4 10. h3 Nxe3 11. Qxe3 c5 12. Be2 Bd7 13. 0-0 Rb8 14. a3 b5 15. Nd1 Qa5 16. c3 Rbc8 17. f4 b4 18. c4 Bd4 0-1

[Event "IECC TH-M email"]
[Site "IECC email"]
[Date "1998.09.07"]
[Round "?"]
[White "Walsh, Kevin"]
[Black "Alvarenga, Jose"]
[Result "1-0"]
[WhiteElo "1868"]
[BlackElo "1601"]
[PlyCount "23"]
[EventDate "1998.??.??"]
[EventType "match (corr)"]
[EventRounds "2"]
[SourceTitle "Corr 2008"]
[Source "ChessBase"]
[SourceDate "2008.06.24"]
[SourceVersion "1"]
[SourceVersionDate "2008.06.24"]
[SourceQuality "1"]

1. d4 e5 2. dxe5 Qe7 3. Nf3 Nc6 4. Qd5 Qb4+ 5. c3 Qb6 6. Ng5 Nh6 7. e3 Be7 8. Ne4 0-0 9. Bd3 Ng4 10. Nf6+ gxf6 11. Qe4 Qxe3+ 12. Bxe3 1-0

[Event "IECC Trio 593 email"]
[Site "IECC email"]
[Date "1998.08.08"]
[Round "?"]
[White "Henkes, Houston"]
[Black "Alvarenga, Jose"]
[Result "0-1"]
[WhiteElo "1727"]
[BlackElo "1589"]
[PlyCount "22"]
[EventDate "1998.??.??"]
[EventType "tourn (corr)"]
[EventRounds "4"]
[SourceTitle "Corr 2008"]
[Source "ChessBase"]
[SourceDate "2008.06.24"]
[SourceVersion "1"]
[SourceVersionDate "2008.06.24"]
[SourceQuality "1"]

1. e4 d5 2. exd5 Qxd5 3. Nc3 Qa5 4. d4 e5 5. Nf3 Bb4 6. Bd2 Bg4 7. a3 Bxf3 8. Qxf3 exd4 9. Qxb7 dxc3 10. Qxa8 cxb2 11. Kd1 bxa1Q+ 0-1